Australijskie zwierzęta - nagła śmierć - Statystyki

Ogólne statystyki
  • Ten quiz został rozwiązany 297 razy
  • Średni wynik to 6 z 18
Answers on the Grid
Answers color-coded by a green-red scale on the quiz's grid according to % correct below.
Pogona
Wielkouch
Łabędź czarny
Niedźwiedź brunatny
Kapibara
Kazuar
Dingo
Kolczatka
Emu
Gwanako andyjskie
Góralek
Jaguar
Kiwi
Koala
Kakabura chichotliwa
Bass wielkogębowy
Struś
Dziobak
Kuoka
Kangur
Panda czerwona
Pająk czerwonogrzbiety
Krokodyl różańcowy
Antylopa
Tajpan
Diabeł tasmański
Tukan
Mucha tse-tse
Walabia
Wombat
 
Statystyki odpowiedzi
Odpowiedź % Poprawnych
Kangur
68%
Koala
62%
Dingo
60%
Emu
57%
Diabeł tasmański
56%
Dziobak
47%
Wombat
43%
Kolczatka
42%
Kuoka
31%
Kazuar
30%
Kakabura chichotliwa
28%
Krokodyl różańcowy
25%
Tajpan
24%
Pająk czerwonogrzbiety
20%
Walabia
17%
Wielkouch
13%
Łabędź czarny
11%
Pogona
9%
Nie znaleziono quizów pasujących do podanych kryteriów
Rozkład punktacji
Procent ludzi z każdym wynikiem
Percentyl według liczby udzielonych odpowiedzi
Twoja historia wyników
Nie rozwiązałeś tego quizu